000
00299nam a22001337a 4500
003
SGT
020
_a
81-7391-490-7
082
_a
070.4
_b
MAT
100
_a
MATHUR, PRASHANT K.
245
_a
HISTORY OF JOURNALISM AN ANALYSIS
260
_a
DELHI
_b
KANISHKA
_c
2015
300
_a
315
942
_2
ddc
_c
BK
999
_c
22084
_d
22084